MANAGEMENT PRINCIPLES AND APPLICATIONS (Record no. 9117)

MARC details
000 -LEADER
fixed length control field 00555nam a22001697a 4500
003 - CONTROL NUMBER IDENTIFIER
control field SGT
020 ## - INTERNATIONAL STANDARD BOOK NUMBER
International Standard Book Number 9788131516171
082 ## - DEWEY DECIMAL CLASSIFICATION NUMBER
Classification number 658, GRI
100 ## - MAIN ENTRY--PERSONAL NAME
Personal name GRIFFIN W. RICKY
245 ## - TITLE STATEMENT
Title MANAGEMENT PRINCIPLES AND APPLICATIONS
250 ## - EDITION STATEMENT
Edition statement 10TH
260 ## - PUBLICATION, DISTRIBUTION, ETC. (IMPRINT)
Place of publication, distribution, etc NEW DELHI
Name of publisher, distributor, etc CENGAGE LEARNING
Year of Publication 2014
300 ## - PAGE DESCRIPTION
No. of Pages 826
650 ## - SUBJECT ADDED ENTRY--TOPICAL TERM
Topical term or geographic name as entry element MANAGEMENT
653 ## - KEYWORDS--INDEX TERM
Keyword term . AN INTRODUCTION TO MANAGEMENT, THE ENVIRONMENTAL CONTEXT OF MANAGEMENT, PLANNING AND DECISION MAKING, THE LEADING PROCESS, THE ORGANIZING PROCESS, THE CONTROLLING PROCESS,
942 ## - ADDED ENTRY ELEMENTS (KOHA)
Source of classification or shelving scheme Dewey Decimal Classification
Koha item type FCM Books
Holdings
Withdrawn status Lost status Source of classification or shelving scheme Damaged status Not for loan Home library Current library Shelving location Date acquired Vendor Name Cost, normal purchase price SGTU Bill Number Total Checkouts Full call number Accession No. (Barcode) Date last seen Date last borrowed Bill Date Koha item type
    Dewey Decimal Classification     SGT Science & Social Sciences Library SGT Science & Social Sciences Library Text Book 17/06/2016 SPARSH BOOKS GALLERY 535.00 SGTU 1294 6 658, GRI CM578 18/01/2021 30/12/2020 14/11/201 FCM Books